000 01063nam a2200253 i 4500
001 60548
003 ES-MaACL
005 20230906164245.0
007 t|
008 031105m19521955sp ||||1| gal d
245 0 0 _aEscolma de poesía galega /
_cedición, notas crítico-biográficas e glosario de xose Mª Alvarez-Blázquez ; limiar do M. Rodrigues Lapa.
250 _a[1ª ed.].
260 _a[Vigo] :
_bGalascia,
_c[1952-55] (
_fFaro de Vigo)
300 _a4 v. ;
_c19 cm.
490 1 _aPondal
505 8 _aContiene: V. I: Escola Medieval Galego-Portuguesa (1198-1346). -- V. II-III: O seculo XIX. -- V. II-II: Do siglo XIV o s. XIX. -- V. IV: Os contemporaneos / edición, liminar e notas bio-bibliográficas de Francisco Fernández del Riego
650 4 _aPoesía gallega-
_xHistoria y crítica.
_9161511
700 1 _aÁlvarez Blázquez, Xosé María.
_920707
700 1 _aRodrigues Lapa, M.
_998198
700 1 _aFernández del Riego, Francisco.
_949733
830 0 _aPondal
_9230563
852 _aES-MaACL
_jE-3642-5
999 _c60548
_d60548